| 000 | 00848nam a2200313Ia 4500 | ||
|---|---|---|---|
| 003 | SMC | ||
| 005 | 20160707130314.0 | ||
| 008 | 160303s9999 xx 000 0 und d | ||
| 020 | _a971-574-062-6 | ||
| 050 | _aFIL KPM 2070 | ||
| 050 | _b.M86 2002 c.1 | ||
| 100 | _aMuñoz, Mauro R. | ||
| 245 | _aPhilippine governance and constitution / | ||
| 245 | _cMauro R. Muñoz. | ||
| 260 | _aQuezon City: | ||
| 260 | _bKatha Pub. Co., Inc., | ||
| 260 | _c2002 | ||
| 300 | _a205 pages : | ||
| 300 | _billustrations ; | ||
| 300 | _c25 cm. | ||
| 500 | _aIncludes bibliographical references. | ||
| 650 | _aConstitutional law -- | ||
| 650 | _aConstitutions -- | ||
| 650 | _aPhilippines -- | ||
| 650 | _xPhilippines. | ||
| 650 | _xPhilippines. | ||
| 650 | _xPolitics and government -- Study and teaching (Higher). | ||
| 942 |
_2lcc _cBK |
||
| 999 |
_c291424 _d291424 |
||